| 000 | 00000nam 2200000zi 4500 |
| 001 | 9.920041 |
| 003 | CaOODSP |
| 005 | 20240416151816 |
| 006 | m o d f |
| 007 | cr ||||||||||| |
| 008 | 230213t20232023onca ob f000 0 eng d |
| 020 | |a9780660475790 |
| 040 | |aCaOODSP|beng|erda|cCaOODSP |
| 043 | |an-cn--- |
| 086 | 1 |aD2-469/2023E-PDF |
| 100 | 1 |aJoost, Mathias, |eauthor. |
| 245 | 10|aAnswering the call : |ba history of the Royal Canadian Air Force's non-commissioned members / |cMathias Joost. |
| 264 | 1|a[Ottawa] : |bNational Defence = Défense nationale, |c2023. |
| 264 | 4|c©2023 |
| 300 | |a1 online resource (vii, 108 pages) : |billustrations |
| 336 | |atext|btxt|2rdacontent |
| 337 | |acomputer|bc|2rdamedia |
| 338 | |aonline resource|bcr|2rdacarrier |
| 500 | |aIssued also in French under title: Répondre à l'appel : l'histoire des militaires du rang de l'Aviation royale canadienne. |
| 504 | |aIncludes bibliographical references (pages 91-108). |
| 610 | 10|aCanada.|bRoyal Canadian Air Force|xHistory. |
| 650 | 0|aArmed Forces|zCanada|xNon-commissioned officers. |
| 710 | 1 |aCanada. |bDepartment of National Defence, |eissuing body. |
| 775 | 08|tRépondre à l'appel : |w(CaOODSP)9.920042 |
| 776 | 0#|tAnswering the call : |w(CaOODSP)9.920043 |
| 856 | 40|qPDF|s6.31 MB|uhttps://publications.gc.ca/collections/collection_2024/mdn-dnd/D2-469-2023-eng.pdf |